Universally Loved Reception of Tagore in North-East India (Record no. 216584)

MARC details
000 -LEADER
fixed length control field 00609nam a22001817a 4500
005 - DATE AND TIME OF LATEST TRANSACTION
control field 20260609162000.0
010 ## - LCCN (DPL NO)
LC control number ENG-148772
020 ## - INTERNATIONAL STANDARD BOOK NUMBER
International Standard Book Number 9788180642166
Terms of availability 300.00
035 ## - SYSTEM CONTROL NUMBER
System control number EN-132304
037 ## - SOURCE OF ACQUISITION
Source of stock number/acquisition DBAD
082 ## - DEWEY DECIMAL CLASSIFICATION NUMBER
Classification number 809.933585
Edition number 1
245 ## - TITLE STATEMENT
Title Universally Loved Reception of Tagore in North-East India
Statement of responsibility, etc Edited by Indranath Choudhuri
260 ## - PUBLICATION, DISTRIBUTION, ETC. (IMPRINT)
Place of publication, distribution, etc Kolkata
Name of publisher, distributor, etc Progressive Publishers
Date of publication, distribution, etc 2012
270 ## - ADDRESS
Address 37A, College Street
City Kolkata
Electronic mail address progressivepubl@yahoo.co.in
300 ## - PHYSICAL DESCRIPTION
Extent 195p.
Dimensions 24cm(hb)
700 ## - ADDED ENTRY--PERSONAL NAME
Personal name Choudhuri, Indranath
Relator term Editor
9 (RLIN) 89348
942 ## - ADDED ENTRY ELEMENTS (KOHA)
Source of classification or shelving scheme Dewey Decimal Classification
Item type English Books
Classification part 809.933585
Call number suffix UNI

No items available.


© Delhi Public Library
Hit Counter
free hit counter